Some qualitative findings on young people's attitudes towards political participation

Bibliographic Details
Main Author: Spannring, Reingard (Author)
Format: Article
Language:English
ISBN:8089220142

MARC

LEADER 00000naa a2200000uu 4500
001 vtls011037256
003 SK-MaSNL
005 20260302124320.0
008 210907|2005 xo |||||||||||||||||eng|
015 |a SNBRA 
035 |a (urnnbn)urn:nbn:sk:snk:ar-008v6e 
035 |a (uuid)210c5896-d40b-429d-b4c1-dbacd97c2711 
035 |a urn:nbn:sk:snk-aauqum 
040 |a SNKBUCL  |b slo  |c SNKBUCL  |e AACR2 
041 0 |a eng 
044 |a xo  |c SK 
100 1 |a Spannring, Reingard  |4 aut  |9 810223 
245 1 0 |a Some qualitative findings on young people's attitudes towards political participation  |c Reingard Spannring 
773 0 |t The Central European dimension of youth research  |d Trnava : Univerzita sv. Cyrila a Metoda, 2005  |g S. 20-35  |z 8089220142 
958 |a OND 
958 |a article12 
958 |a chapter 
999 |c 1287213  |d 1289143